000 00733nam a2200205Ia 4500
005 20260121110355.0
008 008 260114s9999 xx 000 0 hin d
020 _a9788132366584
037 _aEBOOK
040 _aCRL
_bhin
_cCRL
041 _ahin
_2hin
084 _qCRL
100 _aरेणु कौल / Arushi Patel
_9945379
245 0 _aलोकप्रिय स्वतंत्रता सेनानी: बाल गंगाधर तिलक / Lokpriya Swatantrata Senani: Bal Gangadhar Tilak
260 _bभाषा प्रकाशन / Bhasha Prakashan
_c2021
856 _uhttps://bhashaprakashan.com/product-details/379515
942 _cEBOOK
999 _c1537043
_d1537043